000 00779nam a2200193 a 4500
008 060731s2005 ||||||||||||||||| || u
050 _aIBRD(08)PRWP/3797
100 _aKnill, April M
245 1 0 _aTaking the bad with the good
246 _avolatility of foreign portfolio investment and financial constriants of small firms
260 _aWashington, D. C
_bWorld Bank
_c2005
300 _a48p.;ill
350 _a0.00
490 _aWorld Bank policy research working papers
650 0 _aECONOMICS
650 _aEMERGING MARKETS--RESEARCH
650 _aFOREIGN PORTFOLIO INVESTMENT--RESEARCH
995 _D0.00
_FCBU-MAIN LIBRARY (Kitwe)
_H1
_I0.00
_M1
_UAVAILABLE
_WJul 31, 2006
_ZInternational Publications
999 _c59356
_d59356